Sociálna práca ako vedný odbor
Teoretické vymedzenie pojmov sociálna práca, sociálna sféra a sociálna politika. Sociálna práca ako praktická a teoretická činnosť.
Salvato in:
| Autore principale: | |
|---|---|
| Natura: | Capitolo di libro |
| Lingua: | slovacco |
| Soggetti: | |
| Tags: |
Nessun Tag, puoi essere il primo ad aggiungerne!!
|
MARC
| LEADER | 00000naa a2200000 4500 | ||
|---|---|---|---|
| 001 | r034288 | ||
| 005 | 20230807090915.1 | ||
| 041 | 0 | |a slo | |
| 044 | |a SK | ||
| 245 | 1 | 0 | |a Sociálna práca ako vedný odbor |c Anna Žilová |
| 520 | |a Teoretické vymedzenie pojmov sociálna práca, sociálna sféra a sociálna politika. Sociálna práca ako praktická a teoretická činnosť. | ||
| 610 | 2 | 0 | |a práca sociálna |
| 610 | 2 | 0 | |a vzťahy spoločenské |
| 610 | 2 | 0 | |a politika sociálna |
| 610 | 2 | 0 | |a systémy sociálne |
| 610 | 2 | 0 | |a Slovensko |
| 100 | 1 | |a Žilová, Anna | |